01448nab a22002537a 4500003000400000005001700004008004100021040000700062100002100069245007700090260007300167300001300240500007500253505048200328505008900810650002900899650001500928650001600943650001800959650002600977650002801003650002701031773013601058OSt20260131191829.0190603e xxum|||| |||| 00| 0 spa d cPJ aRolón, Avelino10aTestamento electrónico :bla inexorable evolución /cAvelino Rolon.  cCiudad Autónoma de Buenos Aires :aThomson Reuters La Ley, b2025. ap. 37-48 aCita: TR LALEY AR/DOC/2873/2025 Publicado en: RCCyC 2025 (Diciembre). a Sumario: I. Introducción.— II. ¿Qué se entiende por testamento electrónico?— III. Testamento electrónico: firma electrónica y firma digital. La llamada "herencia digital".— IV. Algunos antecedentes jurisprudenciales registrados en otros países.— V. Marco normativo internacional.— VI. El marco legal argentino sobre la materia.— VII. Algunos conceptos a considerar para el testamento electrónico en nuestro país.— VIII. Consideraciones finales.  t¿Te interesa el texto completo? Solicitalo al correo: koha@justierradelfuego.gov.ar 0aCODIGO CIVIL Y COMERCIAL 0aSUCESIONES 0aTESTAMENTOS 0aFIRMA DIGITAL 0aTESTAMENTO OLÓGRAFO 0aDOCUMENTO ELECTRÓNICO 0aCIENCIA Y TECNOLOGÍA0 02713dCiudad Autónoma de Buenos Aires : Thomson Reuters La Ley, 2015-tRevista Código Civil y Comercial. Nº 6 - Diciembre 2025